00345nam a2200133Ia 4500008004100000082001500041100002000056245004700076250000800123260002900131300001300160500002400173650001400197230524s9999 xx 000 0 und d a620.1bPAL aM.S.Palanichamy 0aEngineering Mechanics Statics and Dynamics a2ND aNEW DELHIbPearsonc2002 axvi;7881 aQuantity Number: 1 aMechanics